01342nab a22002897a 4500999001500000003000400015005001700019008004100036040000700077100002600084245011700110260007300227300001200300500002700312505022600339505008200565650002300647650003500670650003100705650002800736650002500764650002500789650003800814650003200852773015500884942001301039 c5533d5533OSt20251215135141.0190429b xxu||||| |||| 00| 0 spa d cPJ aDaruich, Vanesa9651310aUna mirada crítica sobre el abordaje del rol de la víctima en el sistema penal argentino /cVanesa Daruich. cCiudad Autónoma de Buenos Aires :aThomson Reuters La Ley, b2025. ap. 5-25 aCita: AR/DOC/171/2025. aSumario: I. Introducción.— II. Prostitución y trata de personas.— III. La víctima.— IV. Normativa.— V. Normativa adjetiva.— VI. Constitución Nacional y Convenciones Internacionales.— VII. Conclusión. tSi te interesa el texto completo, solicitalo a koha@justierradelfuego.gov.ar  09343aDERECHO PENAL 094885aDERECHOS DE LA VÍCTIMA 093047aVÍCTIMA DEL DELITO 093056aTRATA DE PERSONAS 095585aCONSENTIMIENTO 092906aPROSTITUCIÓN 094022aMINISTERIO PÚBLICO FISCAL 093053aVIOLENCIA DE GÉNERO0 0265893164tRevista de derecho penal y criminología. Nº 2 - Marzo 2025dCiudad Autónoma de Buenos Aires : Thomson Reuters La Ley, 2017-x00347914 2udccANA